LEADER 01103nam a2200205 i 4500 001 000000028919 003 CaOOAMICUS 005 20180830125448.0 008 180830s1910 fr u000 u und u 040 $aSeMil$bita 245 10$aConférences de Saint-Étienne /$cÉcole Pratique d'Études Bibliques. 260 $aParis :$bLecoffre, J. Gabalda et C.,$c1910. 300 $av. ;$c19 cm. 650 4$aÉcole pratique d'Études Bibliques - Atti di congressi.$0(OLS)http://semarc/subject/4619 710 2 $aÉcole biblique de Jérusalem.$0(OLS)http://semarc/name/1488 773 0 $tÉtudes palestiniennes et orientales.$dParis : V. Lecoffre, [19--]$w()21379 774 0 $t1909-1910.$kÉtudes palestiniennes et orientales : Conférences de Saint-Étienne : École pratique d'études bibliques$w()223804 774 0 $t1910-1911.$kÉtudes palestiniennes et orientales : Conférences de Saint-Étienne : École pratique d'études bibliques$w()223806 996 $6245$aConférences de Saint-Étienne$9(OLS)http://semarc/title/39248 996 $6260$aParis :$bLecoffre, J. Gabalda et C.$9(OLS)http://semarc/publisher/29815 LEADER 01060nam a2200265 i 4500 001 000000121569 003 CaOOAMICUS 005 20170214000000.0 008 170214s2006 it u000 u ita u 013 $a94264 020 $a88-8419-243-9 040 $aSeMil$bita 100 1 $aRipa di Meana, Ludovica.$0(OLS)http://semarc/name/34801 245 13$aLa fine degli A :$bpezzi di tragedia /$cLudovica Ripa di Meana ; postfazione di Saverio Vertone. 260 $aTorino :$bNino Aragno,$c2006. 300 $a108 p. ;$c21 cm. 490 0 $aLicenze poetiche 700 1 $aVertone, Saverio.$0(OLS)http://semarc/name/16769 830 0$aLicenze poetiche.$0(OLS)http://semarc/title/26782 850 $aSeMil 852 $aSeMil$W1$xVenegono$y1$m1A V 72$j76637$B76637$CSeMilBibl$Z2$F78214 $81 961 $aOmaggio: Giacomoni Silvia 996 $6020$a88-8419-243-9$9(OLS)http://semarc/number/273467 996 $6245$aLa fine degli A :$bpezzi di tragedia$9(OLS)http://semarc/title/407837 996 $6260$aTorino :$bNino Aragno$9(OLS)http://semarc/publisher/32366